000 00648nam a22002537a 4500
003 UA-OsUOA
001 37919
007 ta
008 20060417b un ||||| |||| 00| 0 ukr d
100 _aВільде І.
090 _a82-31.161.2
_bВ46
942 _cBK
040 _aUA-OsUOA
_bukr
_cUA-OsUOA
_dUA-OsUOA
245 _aСестри Річинські
_bРоман
300 _a912 с.
955 _a2
041 _aukr
080 _a82-31.161.2
020 _a966-524-215-6
260 _aК.
_bУкраїна
_c2005
246 3 1 _a2
_n
650 7 _a82 Література. Літературознавство
_2UDC
999 _c324091
_d324091